Normal view
MARC view
Entry Personal Name
001 - CONTROL NUMBER
- control field: 53152
003 - CONTROL NUMBER IDENTIFIER
- control field: OSt
005 - DATE AND TIME OF LATEST TRANSACTION
- control field: 20250516104353.0
008 - FIXED-LENGTH DATA ELEMENTS
- fixed length control field: 250516|| aca||aabn | a|a d
040 ## - CATALOGING SOURCE
- Original cataloging agency: OSt
- Transcribing agency: OSt
100 ## - HEADING--PERSONAL NAME
- Personal name: Grossman, G.M., Helpman, E. and Redding, S.J.
670 ## - SOURCE DATA FOUND
- Source citation: Work cat.: (OSt)526329: Grossman, G.M., Helpman, E. and Redding, S.J. , When tariffs disrupt global supply Chains
